000
00272nam a2200109Ia 4500
008
230907s9999||||xx |||||||||||||| ||und||
082
_a
333.7909957,KHA
100
_a
Khayyat Nabaz.T.
_9
115180
245
0
_a
Energy demand in industry:
300
_a
xix,196p.:
942
_c
BK
999
_c
597774
_d
597774